| 000 | 00397cam a2200157Ia 4500 | ||
|---|---|---|---|
| 020 | _a9211261058 | ||
| 040 | _cMIA | ||
| 082 | _a333 OVE 1998 C284 Or. | ||
| 245 | 0 | 0 | _aOvercoming human poverty / |
| 300 |
_a94 pages : _billustrations ; _c28 cm |
||
| 490 | 1 | _aUNDP poverty report ; | |
| 650 | 0 | _aPoverty. | |
| 650 | 0 | _aPoverty | |
| 710 | 2 | _aUnited Nations Development Programme. | |
| 942 | _cAEDBB | ||
| 999 |
_c22380 _d22380 |
||